| 000 | 00810nam a22002537a 4500 | ||
|---|---|---|---|
| 001 | 240018 | ||
| 003 | DO-SdBNP | ||
| 005 | 20180126140039.0 | ||
| 007 | 240018 | ||
| 008 | 160317b 1981 xxu||||| |||| 00| 0 spa d | ||
| 020 | _a0816399832 | ||
| 040 |
_aBPMSU _bspa _cBPMSU |
||
| 041 | 1 | 7 |
_aspa _heng |
| 092 |
_axxxx _bxxxx |
||
| 100 | 1 | _aknight, Juan F. | |
| 240 | 1 | 0 |
_aWhat a young man should know about sex. _lEspañol |
| 245 | 1 | 0 |
_aLa joven moderno y el sexo : _bsoluciones a problemas personales / _cJuan F. Knight ; traducción Juan José Suárez. |
| 260 |
_aBogotá ; San Juan, P.R. : _bPublicaciones Interamericanas, _c1981. |
||
| 300 |
_a191 p. : _bil., retrs. ; _c23 cm. |
||
| 700 | 1 | 2 |
_aSuárez, Juan José, _dtr. |
| 942 |
_2ddc _cBK |
||
| 945 | _aInventariado, 2018 / BT | ||
| 956 |
_2LOPEREZ _310 |
||
| 999 |
_c9280 _d9280 |
||